|
|
|
|
| LEADER |
00880nam a2200169Ia 4500 |
| 001 |
UIH_02414 |
| 008 |
230809s9999 xx 000 0 und d |
| 082 |
|
|
|a 658.834
|
| 100 |
|
|
|a Nguyễn, Thị Quyên
|
| 245 |
|
0 |
|a Mối quan hệ giữa chất lượng dịch vụ, sự hài lòng và lòng trung thành của khách hàng tại các ngân hàng ở tỉnh Quảng Ngãi : Luận văn thạc sĩ - Chuyên ngành: Quản trị kinh doanh
|
| 245 |
|
0 |
|c Nguyễn, Thị Quyên
|
| 260 |
|
|
|b Đại học Công nghiệp TP. Hồ Chí Minh
|
| 260 |
|
|
|c 2023
|
| 650 |
|
|
|a Quản trị kinh doanh;Nghiên cứu người tiêu dùng;
|
| 856 |
|
|
|u https://opac.iuh.edu.vn/TraCuuTaiLieuSo2XemChiTiet.aspx?Id=119920
|
| 927 |
|
|
|a Luận văn
|
| 980 |
|
|
|a Trung tâm Thư viện - Trường Đại học Công nghiệp TP. Hồ Chí Minh
|